| 000 | 00957nas a2200289 4500 | ||
|---|---|---|---|
| 001 | BR2015001580 | ||
| 003 | BR-BrBNA | ||
| 005 | 20231205125119.0 | ||
| 007 | ta | ||
| 008 | 230509b bl.|||p| |||| 00| 00por d | ||
| 040 |
_aBR-BrBNA _bpor _cBiblioteca Nacional de Agricultura |
||
| 041 | _a(Pt) | ||
| 072 | _aQ04 | ||
| 100 | 1 | _aSilva, F.I. da | |
| 100 | 1 | _aCabello, C. | |
| 100 | 1 | _aPereira, A.C.B. | |
| 245 | 1 | _aAdaptação da técnica da cromatografia de permeação em gel para determinar os tamanhos das moléculas dos biopolímeros de amidos | |
| 650 | _aFECULA | ||
| 650 | _aAMIDO | ||
| 650 | _aANÁLISE QUÍMICA | ||
| 650 | _aBIOQUÍMICA VEGETAL | ||
| 650 | _aCROMATOGRAFIA | ||
| 773 | 0 |
_tRevista Raízes e Amidos Tropicais (Brazil) _xISSN 1808-981X _g(2005), v. 1 p. 1-8 _wBR2015001580 |
|
| 856 | 4 | 0 | _uhttp://energia.fca.unesp.br/index.php/rat/article/view/1631/887 |
| 909 |
_a202311 _bLúcia _c55 _dLúcia Elande |
||
| 942 |
_2AGRIS _n0 _cANA |
||
| 999 |
_c242703 _d242703 |
||